000 00406nam a2200145Ia 4500
008 230917s9999||||xx |||||||||||||| ||und||
040 _e22501
_aMAIN
041 _aEnglish
082 _a301.11 R189R
100 _aBarry, Brian, ed.
245 0 _aRational man and irrational society: An introduction and sourcebook
260 _aBeverly Mills
_bSage Publications
_c1982
300 _a413 p.
942 _cBK
999 _c230522
_d230522